Grandes escritores rusos (Registro nro. 19584)

Detalles MARC
000 -CABECERA
Longitud fija campo de control 00717nam a22001937a 4500
003 - IDENTIFICADOR DELl NÚMERO DE CONTROL
Identificador del número de control OSt
005 - FECHA Y HORA DE LA ÚLTIMA TRANSACCIÓN
Fecha y hora de la última transacción 20150316090355.0
008 - CÓDIGOS DE INFORMACIÓN DE LONGITUD FIJA
Códigos de información de longitud fija 150316b xxu||||| |||| 00| 0 eng d
040 ## - FUENTE DE LA CATALOGACIÓN
Centro transcriptor BMC
082 ## - NÚMERO DE LA CLASIFICACIÓN DECIMAL DEWEY
Númeroo de clasificación 891.7
245 10 - MENCIÓN DE TÍTULO
Título Grandes escritores rusos
Resto del título : Púshkim, Gógol, Lérmontov, Goncharóv, Turguéniev, Korolenko, Chéjov, Búnin, Andréiev, Kuprín, Gorky
Mención de responsabilidad, etc. Estudio preliminar por Pablo Schostakonsky ; Traducciones de Nina Maganov
260 ## - PUBLICACIÓN, DISTRIBUCIÓN, ETC. (PIE DE IMPRENTA)
Lugar de publicación, distribución, etc. Buenos Aires [etc.]
Nombre del editor, distribuidor, etc. W. M. Jackson
Fecha de publicación, distribución, etc. [1956]
300 ## - DESCRIPCIÓN FÍSICA
Extensión XXXI, 495 p.
Dimensiones 21 cm
490 ## - MENCIÓN DE SERIE
Mención de serie Clásicos Jackson
Designación de volumen o secuencia XVIII
650 24 - PUNTO DE ACCESO ADICIONAL DE MATERIA - TÉRMINO DE MATERIA
9 (RLIN) 30168
Término de materia o nombre geográfico como elemento inicial Literatura rusa
700 1# - PUNTO DE ACCESO ADICIONAL - NOMBRE DE PERSONA
9 (RLIN) 32661
Nombre de persona Shostakovskiĭ, Pavel
700 1# - PUNTO DE ACCESO ADICIONAL - NOMBRE DE PERSONA
9 (RLIN) 32662
Nombre de persona Maganov, Nina
942 ## - ENTRADA DE ELEMENTOS AGREGADOS (KOHA)
Fuente de clasificaión o esquema Dewey Decimal Classification
Koha [por defecto] tipo de item 1- Monografias
Parte de clasificación ahoj
Existencias
Suprimido Perdido Fuente de clasificación o esquema Estropeado Restricciones de uso No para préstamo Código de colección Localización permanente Localización actual Localización en estanter&íacute;as Fecha adquisición Fuente de adquisición Número de inventario Préstamos totales Signatura completa Código de barras Fecha última consulta Fecha del precio de reemplazo Tipo de item de Koha
NULL NULL Dewey Decimal Classification NULL Prestable NULL NULL Biblioteca Miguel de Cervantes - UNICAES Biblioteca Miguel de Cervantes - UNICAES Sala Principal 21/07/1993 Donación - Marco Rene Revelo 029062   891.7 GRA 1029693 16/03/2015 16/03/2015 1- Monografias